Statistiche per Capoluoghi della Campania in ordine alfabetico

Clicka qui per fare il quiz!

Statistiche generali

  • Questo quiz è stato fatto 12 volte
  • Il punteggio medio è 5 su 5

Statistiche sulle risposte

Popolazione (ab.)Capoluogo% Corretto
962 260Napoli
100%
133 597Salerno
100%
54 198Avellino
92%
59 522Benevento
92%
75 459Caserta
83%

Distribuzione punteggi

Percentile per numero di risposta

Percentuale di utenti per punteggio

I tuoi punteggi nel tempo

Non hai fatto questo quiz